LEADER 00771nam0-22002771i-450- 001 990005576650403321 005 20060901115805.0 035 $a000557665 035 $aFED01000557665 035 $a(Aleph)000557665FED01 035 $a000557665 100 $a19990604d1977----km-y0itay50------ba 101 0 $aita 105 $aa-------00--- 200 1 $aSICOF '77$e19-27 marzo 1977$fSezione culturale diretta da Lanfranco Colombo 210 $aMilano$cGexpo$dc1977 215 $a177 p.$cill.$d21 cm 676 $a779$v21$zita 702 1$aColombo,$bLanfranco$f<1924- > 801 0$aIT$bUNINA$gRICA$2UNIMARC 901 $aBK 912 $a990005576650403321 952 $a779 SIC 1$bST.ARTE 13955$fFLFBC 959 $aFLFBC 996 $aSICOF '77$9607605 997 $aUNINA LEADER 01201nam0-2200361---450 001 990009734000403321 005 20240409152231.0 010 $a978-88-348-3885-3 035 $aFED01000973400 035 $a(Aleph)000973400FED01 035 $a000973400 100 $a20130523d2013----km-y0itay50------ba 101 0 $aita 102 $aIT 105 $ay-------001yy 200 1 $a<>contributo di Mario Rusciano all'evoluzione teorica del diritto del lavoro$estudi in onore$elavoro pubblico, rappresentanza sindacale, contratto collettivo, diritto di sciopero 210 $aTorino$cGiappichelli$d2013 215 $aXXV, 507 p.$d24 cm 610 0 $aImpiego pubblico$aLegislazione 610 0 $aRappresentanza sindacale$aLegislazione 610 0 $aContratti collettivi 610 0 $aSciopero$aDiritto 676 $a344.4501892$v20.$zita 676 $a342.45068$v21.$zita 676 $a344.450188$v20.$zita 676 $a331$v16.$zita 801 0$aIT$bUNINA$gRICA$2UNIMARC 901 $aBK 912 $a990009734000403321 952 $aE-II-17$bdono$fDDRC 959 $aDDRC 996 $aContributo di Mario Rusciano all'evoluzione teorica del diritto del lavoro$967265 997 $aUNINA